000 00262nam a22001217a 4500
008 170912b xxu||||| |||| 00| 0 eng d
041 _aeng
080 _212TH
_a53
100 _a43
101 _aFIZ
245 _aUNIVERSITY PHYSICS
_cYOUNG.H.D
942 _2udc
_cBK
999 _c27374
_d27374